Wszystkie wyspy polskiego wybrzeża na mapie - Statystyki

Ogólne statystyki
  • Ten quiz został rozwiązany 295 razy
  • Średni wynik to 4 z 34
Odpowiedzi na mapie
Odpowiedzi zakodowano w zielono-czerwonej skali na mapie do tego quizu, zgodnie z poniższymi procentami.
 
Statystyki odpowiedzi
Wyspa % Poprawnych
Wolin
98%
Uznam
86%
Sobieszewska
43%
Karsibór
38%
Chrząszczewska
18%
Spichrzów
18%
Ostrów
15%
Ołowianka
12%
Portowa
12%
Wielki Krzek
7%
Karsiborska Kępa
6%
Bielawki
4%
Chełminek
4%
Estyjska
4%
Koński Smug
4%
Lądko
4%
Łysa Wyspa
4%
Ostrówek
4%
Smug
4%
Warnie Kępy
4%
Wisłoujście
4%
Wiszowa Kępa
4%
Wola Kępa
4%
Wołcza Kępa
4%
Wolińska Kępa
4%
Wydrza Kępa
4%
Chełmek
3%
Koprzykowskie Łęgi
3%
Refulacyjna
3%
Świńskie Kępy
3%
Chełminka
2%
Gardzka Kępa
2%
Karwia Kępa
2%
Wichowska Kępa
2%
Nie znaleziono quizów pasujących do podanych kryteriów
Rozkład punktacji
Procent ludzi z każdym wynikiem
Percentyl według liczby udzielonych odpowiedzi
Twoja historia wyników
Nie rozwiązałeś tego quizu